000
00329nam a2200133Ia 4500
008
210716s1988 xx 000 0 und d
041
_a
eng
082
_a
005.3631 STID
100
_a
Stivison, Douglas S.
245
_a
Turbo pascal library.
260
_a
New Delhi
_b
BPB Publications
_c
1988
300
_a
xx,221
650
_a
None
999
_c
181897
_d
181897